| 000 -LEADER |
| fixed length control field |
00996nam a2200265Ia 4500 |
| 001 - CONTROL NUMBER |
| control field |
7720 |
| 003 - CONTROL NUMBER IDENTIFIER |
| control field |
GE_BSU |
| 005 - DATE AND TIME OF LATEST TRANSACTION |
| control field |
20220922111115.0 |
| 008 - FIXED-LENGTH DATA ELEMENTS--GENERAL INFORMATION |
| fixed length control field |
181216s2001en xx |||||||||||||| ||eng|| |
| 020 ## - INTERNATIONAL STANDARD BOOK NUMBER |
| International Standard Book Number |
3540761233. |
| 040 ## - CATALOGING SOURCE |
| Transcribing agency |
GE_BSU |
| 041 ## - LANGUAGE CODE |
| Language code of text/sound track or separate title |
eng |
| 080 ## - UNIVERSAL DECIMAL CLASSIFICATION NUMBER |
| Universal Decimal Classification number |
511.31 J-74 |
| 100 ## - MAIN ENTRY--PERSONAL NAME |
| Personal name |
Johnson D.L. |
| 9 (RLIN) |
14688 |
| 245 ## - TITLE STATEMENT |
| Title |
Elements of Logic via Numbers and sets / |
| Statement of responsibility, etc. |
D.L. Johnson Advisory Board: P.J.Cameron, M.A.J.Chaplain, K.Edman,and other. |
| 264 ## - PRODUCTION, PUBLICATION, DISTRIBUTION, MANUFACTURE, AND COPYRIGHT NOTICE |
| Place of production, publication, distribution, manufacture |
New York : |
| Name of producer, publisher, distributor, manufacturer |
Springer, |
| Date of production, publication, distribution, manufacture, or copyright notice |
2001. |
| 300 ## - PHYSICAL DESCRIPTION |
| Extent |
175 p; |
| Other physical details |
23 cm. |
| 440 ## - SERIES STATEMENT/ADDED ENTRY--TITLE |
| Title |
Springer Undergraduate Mathematics Series. |
| 9 (RLIN) |
14689 |
| 653 ## - INDEX TERM--UNCONTROLLED |
| keyword |
elements of logic via Numbers and sets. |
| 653 ## - INDEX TERM--UNCONTROLLED |
| keyword |
ლოგიკის ელემენტები რიცხვებისა და სიმრავლების მეშვეობით. |
| 700 ## - ADDED ENTRY--PERSONAL NAME |
| Personal name |
Cameron,P.J |
| Relator term |
Advisory Board: |
| 9 (RLIN) |
14690 |
| 700 ## - ADDED ENTRY--PERSONAL NAME |
| Personal name |
Chaplain, M.A.J. |
| Relator term |
Advisory Board: |
| 9 (RLIN) |
14672 |
| 700 ## - ADDED ENTRY--PERSONAL NAME |
| Personal name |
Edman, K. |
| Relator term |
Advisory Board: |
| 9 (RLIN) |
14691 |
| 942 ## - ADDED ENTRY ELEMENTS (KOHA) |
| Koha item type |
წიგნი |
| Source of classification or shelving scheme |
|